000 03213nab a2200289 i 4500
003 BR-BrBNA
005 20230906082144.0
008 230410b2018 bl.ar|pooa||| 00| 0 eng |
040 _aBR-BrBNA
_beng
072 _aH60
_b2110
072 _aF30
100 _aAlmeida, J.F.
100 _aGarcía, G.P.
100 _aPérez, R.A.
100 _aBrito, J.D.
245 _aWeeds associated to different genotypes of cocoa in the Ecuadorian Amazon region
500 _aPublicação on-line; 7 ref.; 3 tables; 1 illus.; Summaries (En, Pt)
520 _a ABSTRACT - This work was conducted in the Centro de Pesquisa, Pós-graduação e Preservação Amazônica (CIPCA), located in the Ecuadorian Amazon Region, with the goal to analyze the presence of weeds in promising clones of cocoa. The EET-95, EET-96 and EET-103 promising clones were evaluated, and the control sample was CCN-51. To do so, the relative frequency and distribution of the existing weeds were determined, as well as their biomass, which was statistically analyzed by the ANOVA of a factor and the HSD Tukey’s test. The presence of weeds was influenced by the studied genotypes, due to the fact that promising clones were associated to high frequency and distribution, such as Cyperus odoratus, Megathyrsus maximus, Sauvagesia erecta ssp. erecta. Other species appeared to be associated more to the CCN-51 clone, such as Scleria pterota, Paspalum conjugatuns and Rottboellia cochinchinensis. Higher weed biomass was verified in clone CCN-51. Keywords: biomass, clones, distribution, frequency, Theobroma cacao.
520 _a RESUMO - O presente trabalho foi realizado no Centro de Pesquisa, Pós-graduação e Preservação Amazônica (CIPCA), localizado na Região Amazônica Equatoriana, com o objetivo de analisar a presença de plantas invasoras em clones promissores de cacau. Foram avaliados os clones promissores EET-95, EET-96 e EET-103 e se utilizou como controle o CCN-51. Para isso, foi determinada a frequência e a distribuição relativa de plantas daninhas presentes, assim como a biomassa destas, que foi analisada estatisticamente por meio da ANOVA de um fator e o teste HSD de Tukey. A presença de plantas daninhas foi influenciada pelos genótipos estudados, devido ao fato de que os clones promissores estavam associados com a alta frequência e a distribuição, como o Cyperus odoratus, Megathyrsus maximus, Sauvagesia erecta ssp. erecta. Outras espécies mostraram estar associadas em maior medida ao clone CCN-51, como Scleria pterota, Paspalum conjugatuns e Rottboellia cochinchinensis. A maior biomassa de plantas daninhas foi verificada no clone CCN-51. Palavras-chave: biomassa, clones, distribuição, frequência, Theobroma cacao
650 _aTHEOBROMA CACAO
650 _aBIOMASSA
650 _aCLONE
773 0 _0886
_91815
_dLondrina-PR : Sociedade Brasileira da Ciência das Plantas Daninhas, 1978
_o2023-031022
_tPlanta Daninha (Brazil)
_x0100-8358; 1806-9681 (on-line)
_gv. 36 p. 1-6; (2018)
_wBR2023000043
856 _uhttps://www.scielo.br/j/pd/a/sxRXTSx4KvHgyhzBdgFC78C/?format=pdf&lang=en
942 _cAnalítica
999 _c5008
_d5008